Statistiques concernant Boissons par images #1

Cliquez ici pour prendre le quiz!

Statistiques générales

  • Ce quiz a été pris 808 fois
  • Le résultat moyen est 8 sur 20

Statistiques - réponses

Réponse% Correct
Vin rouge
100%
Thé vert
99%
Coca-cola
98%
Limonade
84%
Smoothie
77%
Mojito
72%
Whiskey
68%
Punch
47%
Martini
36%
Saké
27%
Pastis
26%
Maté
24%
Gatorade
23%
Limoncello
13%
Absinthe
10%
Tequila
10%
Bloody Mary
9%
Lait de poule
4%
Ayran
1%
Mountain Dew
1%

Distribution des résultats

Percentile par nombre de réponses

% des personnes avec chaque résultat

Votre développement - résultats

Vous n’avez pas pris ce quiz